000 00623nam a2200217 a 4500
001 000023345
005 20200930022144.0
008 101202s1992 xxu 000 j eng d
020 _a0373031807
040 _aDO-SdBNP
_bspa
_cBNPHU
082 _a813.5
_bM171h
100 1 _aMacomber, Debbie
_948086
245 1 0 _aMy hero /
_cDebbie Macomber.
260 _aToronto :
_bHarlequin Books,
_c1992.
300 _a189 p. ;
_c18 cm.
490 1 _aHarlequin romance
_v3180
650 4 _aCuentos estadounidenses
_93514
650 4 _aLiteratura estadounidense
_9263
830 0 _aHarlequin romance ;
_v3180
_948087
049 _aBNGR
999 _c22842
_d22842